000 00885 a2200205 4500
003 Nust
005 20230223180934.0
010 _a 89006263
020 _a0387970029 (alk. paper)
040 _cNust
082 0 0 _a510.78,THO
100 1 _aThomson, Norman
_9109543
245 1 0 _aAPL programs for the mathematics classroom /
_cNorman Thomson.
260 _aNew York :
_bSpringer-Verlag,
_cc1989.
300 _axi, 185 p. :
_bill. ;
_c24 cm.
505 _aIntroduction (Page-1),Arithmetic and Numbers (Page-7),Algebra and Sets (Page-27),Series (Page-39),Formulae and Tables (Page-55),Geometry and Pattern (Page-65),Calculus (Page-87),Probability and Statistic (Page-99),Combinatorics (Page-135),Game and Miscellaneous (Page-145).
650 0 _aAPL (Computer program language)
_998024
650 0 _aMathematics
_xStudy and teaching
_xComputer programs.
_9109544
942 _2ddc
_cBK
999 _c181683
_d181683